महाकवि शंकरदेव विचारक एवं समाज सुधारक (Record no. 1014708)

MARC details
000 -LEADER
fixed length control field 01073nam a2200229Ia 4500
003 - CONTROL NUMBER IDENTIFIER
control field OSt
005 - DATE AND TIME OF LATEST TRANSACTION
control field 20260306143644.0
008 - FIXED-LENGTH DATA ELEMENTS--GENERAL INFORMATION
fixed length control field 221004b |||||||| |||| 00| 0 san d
020 ## - INTERNATIONAL STANDARD BOOK NUMBER
International Standard Book Number 9789380172774 (pbk)
037 ## - SOURCE OF ACQUISITION
Terms of availability Textual
040 ## - CATALOGING SOURCE
Original cataloging agency CRL
Transcribing agency CRL
Language of cataloging san
041 ## - LANGUAGE CODE
Source of code san
Language code of text/sound track or separate title san
100 ## - MAIN ENTRY--PERSONAL NAME
Personal name मागध, कृष्ण नारायण प्रसाद, ले.
9 (RLIN) 556284
245 #0 - TITLE STATEMENT
Title महाकवि शंकरदेव विचारक एवं समाज सुधारक
246 ## - VARYING FORM OF TITLE
Title proper/short title Mahākavi shankaradev vichārak evan samāj sudhāraka
260 ## - PUBLICATION, DISTRIBUTION, ETC.
Place of publication, distribution, etc. दिल्ली
Name of publisher, distributor, etc. हिंदी माध्यम कार्यान्वय निदेशालय भारत
Date of publication, distribution, etc. 2015
300 ## - PHYSICAL DESCRIPTION
Extent 524पृ0
Dimensions cm.
650 ## - SUBJECT ADDED ENTRY--TOPICAL TERM
Topical term or geographic name entry element हिन्दी साहित्य
650 ## - SUBJECT ADDED ENTRY--TOPICAL TERM
Topical term or geographic name entry element हिन्दी कविता
942 ## - ADDED ENTRY ELEMENTS (KOHA)
Classification part O152,1I49:g, Q5
Koha item type Textbook
Source of classification or shelving scheme
Holdings
Withdrawn status Lost status Source of classification or shelving scheme Damaged status Not for loan Home library Current library Date acquired Source of acquisition Total Checkouts Full call number Barcode Date last seen Price effective from Koha item type Date last checked out
    Colon Classification (CC)     Central Library Arts Library 2026-03-06 गिफ्ट 1 O152,1I49:g Q5 CL1173687 2026-04-07 2026-03-06 Textbook 2026-03-06
    Colon Classification (CC)     Central Library Central Library 2022-10-05 1517, 21/02/2018, Bookwell   O152,1I49:g Q5 CL1642046 2022-10-05 2022-10-05 Textbook  
Copyright @ Delhi University Library System